| 000 | 00590nam a22001817a 4500 | ||
|---|---|---|---|
| 003 | CEME | ||
| 005 | 20210628202526.0 | ||
| 008 | 210209b xxu||||| |||| 00| 0 eng d | ||
| 020 | _a0-8144-0603-3 | ||
| 040 | _c. | ||
| 082 | _a658.4092 HAR | ||
| 100 |
_aHarper, Stephen.C _960341 |
||
| 245 | _aThe forward-focused organization, visionary thinking and breakthrough leadership to create your company's future | ||
| 260 |
_aNEW YORK _bAMACOM PUBLISHER _c2001 |
||
| 300 | _aXXVIII,259P | ||
| 650 |
_aORGANIZATIONAL EFFECTIVENESS; STRATEGIC PLANNING; LEADERSHIP _960342 |
||
| 942 |
_cBK _2ddc |
||
| 999 |
_c570090 _d570090 |
||